000 00490nam a2200169Ia 4500
005 20250923145207.0
008 008 250917s9999 xx 000 0 eng d
037 _aReports
040 _aDSWL
_beng
_cDSWL
041 _aeng
_2eng
084 _aY59
_qDSWL
245 0 _aReports of the commissioner for eduled castes & scheduled tribes 1967-68
260 _aDelhi
_bManeger of Publications
_c1969
300 _axv,688p.
942 _cREP
_hY59
999 _c1448298
_d1448298